[Event "Seefeld op 16th"]
[Site "Seefeld"]
[Date "2005.09.24"]
[Round "8"]
[White "Bungter, Hans"]
[Black "Flueckiger, Juergen"]
[Result "0-1"]
[WhiteElo "1628"]
[BlackElo "2034"]
[PlyCount "72"]
[EventDate "2005.09.17"]
[EventType "swiss"]
[EventRounds "9"]
[EventCountry "AUT"]
[SourceTitle "EXT 2007"]
[Source "ChessBase"]
[SourceDate "2006.11.23"]
[SourceVersion "1"]
[SourceVersionDate "2006.11.23"]
[SourceQuality "1"]

1. e4 d6 2. d4 Nf6 3. Nc3 g6 4. Be2 Bg7 5. Be3 c6 6. Qd2 b5 7. Bf3 Ng4 8. Bf4 e5 9. dxe5 dxe5 10. Qxd8+ Kxd8 11. Bd2 Nf6 12. Nge2 Be6 13. Nc1 Na6 14. a3 Ke7 15. Nd3 Nd7 16. Be3 Rhc8 17. 0-0 f6 18. Be2 Kf7 19. Rad1 Bf8 20. f3 Nac5 21. Nxc5 Nxc5 22. f4 Kg7 23. f5 Bf7 24. b4 Na6 25. Rd7 Rc7 26. Rxc7 Nxc7 27. g4 a5 28. bxa5 Rxa5 29. Bb6 Rxa3 30. Nb1 Ra2 31. Bxc7 Bc5+ 32. Kh1 Rxc2 33. Bd3 Rb2 34. Rc1 Bd4 35. Rxc6 gxf5 36. gxf5 Bh5 0-1

[Event "Seefeld op 15th"]
[Site "Seefeld"]
[Date "2004.09.25"]
[Round "8"]
[White "Flueckiger, Juergen"]
[Black "Fischer, Gerd1111"]
[Result "1/2-1/2"]
[WhiteElo "2037"]
[BlackElo "2094"]
[PlyCount "34"]
[EventDate "2004.09.18"]
[EventType "swiss"]
[EventRounds "9"]
[EventCountry "AUT"]
[SourceTitle "EXT 2005"]
[Source "ChessBase"]
[SourceDate "2004.11.15"]
[SourceVersion "1"]
[SourceVersionDate "2004.11.15"]
[SourceQuality "1"]

1. d4 e6 2. c4 f5 3. g3 Nf6 4. Bg2 d5 5. Nf3 Be7 6. 0-0 0-0 7. b3 c6 8. Ba3 Nbd7 9. Qd3 Ne4 10. Bxe7 Qxe7 11. Ne5 Qf6 12. f4 Qe7 13. Nd2 Nxe5 14. dxe5 b6 15. cxd5 cxd5 16. Rfc1 Nxd2 17. Qxd2 Bb7 1/2-1/2

[Event "Seefeld op 15th"]
[Site "Seefeld"]
[Date "2004.09.20"]
[Round "3"]
[White "Thoeny, Hermann"]
[Black "Flueckiger, Juergen"]
[Result "1-0"]
[WhiteElo "2158"]
[BlackElo "2037"]
[PlyCount "69"]
[EventDate "2004.09.18"]
[EventType "swiss"]
[EventRounds "9"]
[EventCountry "AUT"]
[SourceTitle "EXT 2005"]
[Source "ChessBase"]
[SourceDate "2004.11.15"]
[SourceVersion "1"]
[SourceVersionDate "2004.11.15"]
[SourceQuality "1"]

1. d4 d6 2. Nf3 Bg4 3. c4 Nd7 4. Nc3 e5 5. d5 Ngf6 6. e4 Be7 7. Be2 a5 8. Be3 b6 9. 0-0 Nc5 10. Nd2 Bxe2 11. Qxe2 0-0 12. b3 Qd7 13. f4 Qg4 14. Bxc5 bxc5 15. fxe5 dxe5 16. Rf3 Qd7 17. Rg3 h6 18. Nf1 Kh7 19. Ne3 g6 20. Qc2 Nh5 21. Rf3 Bg5 22. Raf1 Ra6 23. Ned1 Nf4 24. Nf2 Bd8 25. g3 Nh5 26. Nd3 Qe7 27. Qf2 f5 28. Qxc5 Raf6 29. Qxe7+ Bxe7 30. exf5 Rxf5 31. Kg2 Bb4 32. Ne4 Nf6 33. Rxf5 gxf5 34. Nxf6+ Rxf6 35. Nxe5 1-0

[Event "Seefeld op 15th"]
[Site "Seefeld"]
[Date "2004.09.19"]
[Round "2"]
[White "Flueckiger, Juergen"]
[Black "Schwarz, Werner"]
[Result "1-0"]
[WhiteElo "2037"]
[BlackElo "1725"]
[PlyCount "51"]
[EventDate "2004.09.18"]
[EventType "swiss"]
[EventRounds "9"]
[EventCountry "AUT"]
[SourceTitle "EXT 2005"]
[Source "ChessBase"]
[SourceDate "2004.11.15"]
[SourceVersion "1"]
[SourceVersionDate "2004.11.15"]
[SourceQuality "1"]

1. d4 Nf6 2. c4 e5 3. dxe5 Ng4 4. Nf3 Nc6 5. Nbd2 Ngxe5 6. Nxe5 Nxe5 7. g3 Bb4 8. Qb3 Qe7 9. Bg2 d6 10. 0-0 Bxd2 11. Bxd2 c6 12. Qc2 Be6 13. b3 0-0 14. Rad1 f5 15. Bb4 c5 16. Bd2 Rad8 17. e4 a6 18. f4 Nc6 19. Bc3 Qc7 20. Bh3 Qc8 21. Bg2 b5 22. cxb5 axb5 23. Qe2 b4 24. Ba1 Ne7 25. Rfe1 Rfe8 26. Qb2 1-0

[Event "Weggis Seniors op"]
[Site "Weggis"]
[Date "2004.??.??"]
[Round "?"]
[White "Flueckiger, Juergen"]
[Black "Malinverno, Gianni"]
[Result "0-1"]
[WhiteElo "1945"]
[BlackElo "1945"]
[PlyCount "44"]
[EventDate "2004.??.??"]
[EventType "swiss"]
[EventRounds "9"]
[EventCountry "SUI"]
[SourceTitle "EXT 2010"]
[Source "ChessBase"]
[SourceDate "2010.11.25"]
[SourceVersion "1"]
[SourceVersionDate "2010.11.25"]
[SourceQuality "1"]

1. d4 Nf6 2. c4 e6 3. Nc3 d5 4. cxd5 exd5 5. Bg5 Be7 6. e3 0-0 7. Qc2 h6 8. Bh4 c6 9. Bd3 Re8 10. Nge2 Nbd7 11. 0-0-0 a5 12. Kb1 b5 13. Rc1 Nb6 14. f3 a4 15. g4 b4 16. Nd1 Nc4 17. Bxc4 dxc4 18. Qxc4 Be6 19. Qd3 Qd5 20. e4 Qxa2+ 21. Kc2 Bc4 22. Qe3 Nd5 0-1

[Event "Bad Woerishofen op 19th"]
[Site "Bad Woerishofen"]
[Date "2003.03.17"]
[Round "5"]
[White "Schenk, Uwe"]
[Black "Flueckiger, Juergen"]
[Result "1-0"]
[WhiteElo "2116"]
[BlackElo "2000"]
[PlyCount "61"]
[EventDate "2003.03.13"]
[EventType "swiss"]
[EventRounds "9"]
[EventCountry "GER"]
[SourceTitle "CBM 093 Extra"]
[Source "ChessBase"]
[SourceDate "2003.05.09"]
[SourceVersion "1"]
[SourceVersionDate "2003.05.09"]
[SourceQuality "1"]

1. Nf3 Nf6 2. c4 e6 3. Nc3 c5 4. g3 b6 5. Bg2 Bb7 6. 0-0 d6 7. Re1 Be7 8. e4 Nbd7 9. d4 cxd4 10. Nxd4 a6 11. f4 Qc7 12. Be3 0-0 13. Rc1 Rac8 14. g4 Qb8 15. g5 Ne8 16. b3 g6 17. Qg4 Ng7 18. Nde2 Nc5 19. Red1 Qa8 20. Ng3 Rfd8 21. Qe2 Qb8 22. Rc2 Bc6 23. Bc1 b5 24. Nd5 exd5 25. exd5 Ba8 26. Qxe7 Re8 27. Qf6 Qb6 28. Kh1 bxc4 29. Bb2 Nce6 30. dxe6 Bxg2+ 31. Rxg2 1-0

[Event "Seefeld op 13th"]
[Site "Seefeld"]
[Date "2002.09.22"]
[Round "9"]
[White "Schiffer, Steve"]
[Black "Flueckiger, Juergen"]
[Result "0-1"]
[WhiteElo "2163"]
[BlackElo "2109"]
[PlyCount "76"]
[EventDate "2002.09.14"]
[EventType "swiss"]
[EventRounds "9"]
[EventCountry "AUT"]
[SourceTitle "EXT 2007"]
[Source "ChessBase"]
[SourceDate "2006.11.23"]
[SourceVersion "1"]
[SourceVersionDate "2006.11.23"]
[SourceQuality "1"]

1. e4 c5 2. Nf3 e6 3. d4 cxd4 4. Nxd4 Nf6 5. Nc3 a6 6. Bd3 d6 7. 0-0 b5 8. a3 Qc7 9. Kh1 Bb7 10. f4 Nbd7 11. Nb3 Be7 12. Qe1 0-0 13. Qg3 d5 14. exd5 Nxd5 15. Ne4 N7f6 16. Ng5 h6 17. Ne4 b4 18. Bd2 bxa3 19. bxa3 Rac8 20. Na5 Nh5 21. Qg4 f5 22. Qxh5 fxe4 23. Bc4 e3 24. Bb4 Rxf4 25. Bxe7 Qxe7 26. Bd3 Nf6 27. Qe5 Rxf1+ 28. Rxf1 Ng4 29. Qf4 Nf2+ 30. Kg1 Nxd3 31. cxd3 e2 32. Re1 Qc5+ 33. d4 Qxa5 34. Rxe2 Bd5 35. h3 Qxa3 36. Kh2 Qe7 37. Re3 Qc7 38. Re5 Qf7 0-1

[Event "Seefeld op 13th"]
[Site "Seefeld"]
[Date "2002.09.21"]
[Round "8"]
[White "Flueckiger, Juergen"]
[Black "Verhoef, Helge"]
[Result "1/2-1/2"]
[WhiteElo "2109"]
[BlackElo "1917"]
[PlyCount "81"]
[EventDate "2002.09.14"]
[EventType "swiss"]
[EventRounds "9"]
[EventCountry "AUT"]
[SourceTitle "EXT 2007"]
[Source "ChessBase"]
[SourceDate "2006.11.23"]
[SourceVersion "1"]
[SourceVersionDate "2006.11.23"]
[SourceQuality "1"]

1. d4 Nf6 2. Nf3 c5 3. c4 e6 4. Nc3 cxd4 5. Nxd4 d5 6. e3 Be7 7. Be2 0-0 8. 0-0 dxc4 9. Bxc4 Qc7 10. Bb3 a6 11. Nf3 b5 12. Qe2 Bb7 13. Bd2 Ng4 14. e4 Nc6 15. g3 Rfd8 16. Rac1 Qb6 17. h3 Nge5 18. Nxe5 Nxe5 19. Be3 Qa5 20. Rfd1 Rac8 21. Bf4 Bf6 22. Bd2 b4 23. Na4 Rxc1 24. Bxc1 Rxd1+ 25. Bxd1 Bc6 26. b3 Bb5 27. Qc2 Nd3 28. Be3 Qd8 29. Be2 Ne1 30. Qd1 Qxd1 31. Bxd1 Bxa4 32. bxa4 Bd8 33. Kf1 Nd3 34. Bc2 Ne5 35. Bc5 a5 36. Ke2 Nd7 37. Bd4 e5 38. Be3 Kf8 39. Kd3 Ke7 40. Kc4 Kd6 41. Kb5 1/2-1/2

[Event "Seefeld op 13th"]
[Site "Seefeld"]
[Date "2002.09.16"]
[Round "3"]
[White "Kyas, Juergen"]
[Black "Flueckiger, Juergen"]
[Result "1-0"]
[WhiteElo "2257"]
[BlackElo "2109"]
[PlyCount "67"]
[EventDate "2002.09.14"]
[EventType "swiss"]
[EventRounds "9"]
[EventCountry "AUT"]
[SourceTitle "EXT 2007"]
[Source "ChessBase"]
[SourceDate "2006.11.23"]
[SourceVersion "1"]
[SourceVersionDate "2006.11.23"]
[SourceQuality "1"]

1. e4 c5 2. Nf3 e6 3. d4 cxd4 4. Nxd4 Nf6 5. Nc3 d6 6. Be2 a6 7. f4 Qc7 8. 0-0 Nc6 9. Be3 Be7 10. Qe1 0-0 11. Qg3 Bd7 12. Rae1 b5 13. a3 Rac8 14. Kh1 Rfe8 15. Nf3 b4 16. axb4 Nxb4 17. Bd4 Nxc2 18. Bxf6 Bxf6 19. Rc1 Nd4 20. Bxa6 Rb8 21. Nd5 Qd8 22. Nxf6+ Qxf6 23. e5 Nf5 24. exf6 Nxg3+ 25. hxg3 Rxb2 26. Rc7 Rd8 27. fxg7 Kxg7 28. Rd1 Rb6 29. Be2 Be8 30. Ng5 d5 31. Kh2 h6 32. Nf3 Kf6 33. Ne5 Rb2 34. Bh5 1-0

[Event "Seefeld op 12th"]
[Site "Seefeld"]
[Date "2001.09.16"]
[Round "2"]
[White "Baumann, Kurt"]
[Black "Flueckiger, Juergen"]
[Result "1/2-1/2"]
[WhiteElo "1754"]
[BlackElo "2098"]
[PlyCount "146"]
[EventDate "2001.09.15"]
[EventType "swiss"]
[EventRounds "9"]
[EventCountry "AUT"]
[SourceTitle "EXT 2002"]
[Source "ChessBase"]
[SourceDate "2001.11.25"]
[SourceVersion "1"]
[SourceVersionDate "2001.11.25"]
[SourceQuality "1"]

1. Nf3 Nf6 2. g3 d5 3. Bg2 e6 4. 0-0 c5 5. d4 Nc6 6. c4 Be7 7. Nc3 dxc4 8. Qa4 0-0 9. dxc5 Bxc5 10. Qxc4 Be7 11. Bf4 Qb6 12. Qb5 Qxb5 13. Nxb5 Nd5 14. Bd6 Bxd6 15. Nxd6 Rd8 16. Nc4 Bd7 17. e4 Nb6 18. Nd6 Bc8 19. Rfd1 f6 20. Bh3 Kf8 21. Nxc8 Raxc8 22. Bxe6 Rb8 23. Bb3 Rxd1+ 24. Rxd1 Re8 25. Bc2 Re7 26. Nd4 Nxd4 27. Rxd4 Rc7 28. Bb3 Ke7 29. f4 Rc1+ 30. Kf2 Rh1 31. Kg2 Rb1 32. Rd2 Re1 33. Kf3 Rf1+ 34. Ke3 Rh1 35. Kd3 Rc1 36. Rc2 Rd1+ 37. Ke3 Rd7 38. e5 fxe5 39. fxe5 Kd8 40. Ke4 Rd1 41. Rf2 Re1+ 42. Kf5 Ke7 43. e6 Nc8 44. Rc2 Nd6+ 45. Kg4 Ne8 46. h4 h6 47. Kf3 Re5 48. Kf4 Re1 49. g4 Rf1+ 50. Kg3 Rg1+ 51. Kf4 Rf1+ 52. Ke5 Re1+ 53. Kf4 Rf1+ 54. Ke3 Re1+ 55. Kf2 Re4 56. Kf3 Re5 57. Rc8 Re1 58. Ba4 Nd6 59. Rc7+ Kxe6 60. Rxg7 Kf6 61. Rd7 Ke6 62. Rh7 Rf1+ 63. Kg2 Rf6 64. Bb3+ Ke5 65. Re7+ Kf4 66. Re6 Ne4 67. Bd5 Rxe6 68. Bxe6 Nf6 69. Kh3 b6 70. b3 Ne4 71. Kg2 Nf6 72. Kh3 Ne4 73. Kg2 Nf6 1/2-1/2

[Event "Seefeld op 12th"]
[Site "Seefeld"]
[Date "2001.09.15"]
[Round "1"]
[White "Flueckiger, Juergen"]
[Black "Bischoff, Klaus"]
[Result "0-1"]
[WhiteElo "2098"]
[BlackElo "2541"]
[PlyCount "80"]
[EventDate "2001.09.15"]
[EventType "swiss"]
[EventRounds "9"]
[EventCountry "AUT"]
[SourceTitle "EXT 2002"]
[Source "ChessBase"]
[SourceDate "2001.11.25"]
[SourceVersion "1"]
[SourceVersionDate "2001.11.25"]
[SourceQuality "1"]

1. d4 Nf6 2. c4 e6 3. Nc3 Bb4 4. e3 0-0 5. Bd3 d5 6. Nge2 c5 7. 0-0 cxd4 8. exd4 dxc4 9. Bxc4 Nbd7 10. Qb3 Be7 11. Bf4 Nb6 12. Bd3 Bd7 13. Rac1 Bc6 14. Rfd1 Qd7 15. Bb5 Rfc8 16. Bxc6 Rxc6 17. Bg3 Rac8 18. Qc2 Nbd5 19. Qd2 Bb4 20. Qd3 Bxc3 21. Nxc3 Nxc3 22. bxc3 Rc4 23. f3 Nd5 24. Be1 R8c6 25. a3 Qc7 26. Rb1 a6 27. Rdc1 b5 28. Rb3 Nf4 29. Qe3 Nd5 30. Qd3 h6 31. Bd2 Qd6 32. g3 Rc8 33. f4 f5 34. Re1 Ra4 35. Qe2 Rc6 36. Ra1 Nf6 37. Rb4 Rc4 38. Rxc4 Rxc4 39. Re1 Ne4 40. Ra1 Rxd4 0-1

[Event "Casino op 3rd"]
[Site "Velden"]
[Date "1995.??.??"]
[Round "3"]
[White "Flueckiger, Juergen"]
[Black "Planteu, Albert"]
[Result "1/2-1/2"]
[WhiteElo "1771"]
[BlackElo "1648"]
[PlyCount "68"]
[EventDate "1995.06.30"]
[EventType "swiss"]
[EventRounds "9"]
[EventCountry "AUT"]
[SourceTitle "EXT 2022"]
[Source "ChessBase"]
[SourceDate "2021.10.06"]
[SourceVersion "1"]
[SourceVersionDate "2021.10.06"]
[SourceQuality "1"]

1. c4 e5 2. Nc3 Nf6 3. Nf3 Nc6 4. g3 Bc5 5. Bg2 d6 6. 0-0 Be6 7. b3 h6 8. d3 Qd7 9. Bb2 Bh3 10. e3 Bxg2 11. Kxg2 0-0 12. d4 exd4 13. exd4 Bb6 14. Na4 Rae8 15. Nxb6 axb6 16. Qd3 Re7 17. Rfe1 Rfe8 18. Rxe7 Rxe7 19. d5 Ne5 20. Nxe5 dxe5 21. Re1 Qd6 22. Qf5 Nd7 23. Re2 f6 24. Qc2 b5 25. Bc1 bxc4 26. bxc4 b6 27. Re3 Re8 28. Qa4 Rd8 29. Ba3 Nc5 30. Qb5 Ra8 31. Kf3 Kf7 32. Bxc5 Qxc5 33. Qxc5 bxc5 34. Rb3 Ke7 1/2-1/2